000 00334nam a2200145Ia 4500
003 OSt
005 20240120114341.0
008 170524s9999 xx 000 0 und d
020 _a0 8177000470
040 _ciimtu
100 _aMahajan
245 0 _aIndustrial engineering and producation
260 _bDhanpat Rai
942 _2ddc
_c02
999 _c5541
_d5541